| 000 | 00633ntaaa2200205 4500 | ||
|---|---|---|---|
| 003 | 01 | ||
| 005 | 20251027202010.0 | ||
| 008 | 0714s1973 ag 01 | ||
| 040 |
_aAR-BaBN _bspa _cAR-BaBN _eaacr _dRIC |
||
| 082 | _a261.0000 V47 | ||
| 100 | _aVásquez Pérez, Guillermo H. | ||
| 245 | _aCristo, la única esperanza. | ||
| 250 | _a1 ed. | ||
| 260 |
_aQuito : _bImprenta Vozandes, _c1968, 1969 |
||
| 300 | _a123 p. | ||
| 500 | _aapreciación del autor respecto a los apremiantes necesidades de la gente tanto social, intelectual y económicamente | ||
| 650 |
_aTeología Social _92067 |
||
| 650 |
_aÉtica Social _91916 |
||
| 942 | _cBK | ||
| 999 |
_c14715 _d14715 |
||